[Event "COL-ch U08 Girls"]
[Site "Santander"]
[Date "2012.06.18"]
[Round "9"]
[White "Viveros, Clara Vanessa"]
[Black "Arias Pachon, Valentina"]
[Result "1-0"]
[WhiteElo "1212"]
[BlackElo "1300"]
[PlyCount "39"]
[EventDate "2012.06.13"]
[EventType "tourn"]
[EventRounds "9"]
[EventCountry "COL"]
[SourceTitle "EXT 2014"]
[Source "ChessBase"]
[SourceDate "2013.11.20"]
[SourceVersion "1"]
[SourceVersionDate "2013.11.20"]
[SourceQuality "1"]

1. e4 e5 2. Nf3 Bd6 3. Bc4 Bc5 4. Nc3 Nf6 5. d3 0-0 6. Be3 b5 7. Bxb5 d6 8. Qd2 a6 9. Ba4 c6 10. Bxc6 Nxc6 11. Nd5 h6 12. Bxh6 gxh6 13. Qxh6 Re8 14. 0-0-0 Be6 15. Nxf6+ Qxf6 16. Qxf6 Kf8 17. Ng5 Nb4 18. a3 Nxc2 19. Kxc2 Bg4 20. Qxf7# 1-0